Carregant...

Vargeeyathayum charithrapaithrukavum/

Dades bibliogràfiques
Autor principal: Romila Thapar
Altres autors: Ganesh K N (tr.)
Format: Printed Book
Publicat: Thiruvananthapuram: Chintha, 2013.
Edició:4th.
Matèries:
LEADER 00616nam a22001817a 4500
020 |a 9789383155002 
082 |a M 934  |b ROM/V 
100 |a Romila Thapar 
245 |a Vargeeyathayum charithrapaithrukavum/  |c Romila Thapar; translated by K N Ganesh. 
250 |a 4th. 
260 |a Thiruvananthapuram:  |b Chintha,  |c 2013. 
300 |a 88p. 
650 |a History  |z India Ancient 
650 |a History 
700 |a Ganesh K N (tr.) 
942 |c BK 
999 |c 55013  |d 55013 
952 |0 0  |1 0  |4 0  |6 M_934_000000000000000_ROM_V  |7 0  |9 78904  |a SSUS  |b SSUS  |c STACKS  |d 2015-07-30  |g 70.00  |l 3  |o M 934 ROM/V  |p 077145  |r 2018-07-19  |s 2018-07-18  |w 2015-07-30  |y BK